Statistics for Biggest Roman Empire Countries

Click here to take the quiz!

General Stats

  • This quiz has been taken 74,568 times
  • The average score is 13 of 15

Answer Stats

%km2Country% Correct
100301,000Italy
99%
82525,000France
97%
99500,000Spain
96%
98770,000Turkey
93%
60600,000Egypt
92%
100132,000Greece
92%
62150,000United Kingdom
90%
8200,000Algeria
85%
8150,000Libya
83%
33150,000Morocco
82%
70115,000Tunisia
78%
80150,000Syria
69%
75175,000Romania
68%
100111,000Bulgaria
64%
50220,000Iraq
63%

Score Distribution

Percentile by Number Answered

Percent of People with Each Score

Your Score History

You have not taken this quiz